| 000 | 00480cab a2200181 4500 | ||
|---|---|---|---|
| 001 | X2266 | ||
| 008 | 090401t1995 xxu||||| |||| 00| 0 eng d | ||
| 035 | _a(Sirsi) u23031 | ||
| 041 | _aeng | ||
| 245 | _aWorking for you | ||
| 260 | _c1995 | ||
| 350 | _a0 | ||
| 490 |
_aCSM (Chartered Surveyor Monthly) _v4(6) April 1995, 53-54(2) |
||
| 650 | _aGENERAL PRACTICE DIVISION | ||
| 690 | _aMANAGEMENT-BUSINESS MANAGEMENT-PROFESSIONAL PRACTICE | ||
| 942 | _n0 | ||
| 948 | _c04/03/1997 | ||
| 999 |
_c15435 _d15435 |
||